| 000 | 00368nam a2200133Ia 4500 | ||
|---|---|---|---|
| 999 |
_c2988 _d2988 |
||
| 008 | 200103s 1988 ||||xx |||||||||||||| ||und|| | ||
| 020 | _a9780071004992 | ||
| 082 |
_a621.43 _bHEY |
||
| 100 | _aHeywood, John B. | ||
| 245 | 0 | _aInternal combustion engine fundamentals | |
| 260 |
_bMcGraw-Hill Book Company _c1988 _aNew York |
||
| 300 | _axxix, 930p. | ||
| 942 | _cBK | ||